| 000 | 01755cam a22001934a 4500 | ||
|---|---|---|---|
| 005 | 20250605164143.0 | ||
| 008 | 250528s ||||||||||||||||||||||||d | ||
| 035 | _a19033 | ||
| 020 | _a9607293045 | ||
| 040 |
_aGR-AtMCL _bgre _dGR-AtMCL _eAACR2 |
||
| 245 | 1 | _aΗ Ελληνική Βιομηχανία στη Διεθνή Αγορά / Κρατική Προστασία και Ανταγωνιστική Θέση της Εγχώριας Παραγωγής πριν και μετά την Ένταξη στην Ευρωπαϊκή Κοινότητα | |
| 260 |
_bΘεμέλιο, _c1989 |
||
| 300 | _a544 | ||
| 520 | _aΠρόλογος, Εισαγωγή, Το Πλέγμα Προστασίας της Ελληνικής Βιομηχανίας, Δασμολογική Προστασία, Μη Δασμολογική Προστασία, Συνολική Προστασία, Αποτελεσματική Προστασία, Πολιτική Προστασίας Εγχώριας Παραγωγής: Θεωρητικές Προσεγγίσεις και η Ελληνική Πραγματικότητα, Η Ανταγωνιστικότητα των Ελληνικών Προϊόντων στο Εξωτερικό, Εξαγωγική Επίδοση της Ελληνικής Παραγωγής, Υποκατάσταση και Διείσδυση Εισαγωγών, Η Ανταγωνιστικότητα των Ελληνικών Προϊόντων στο Εσωτερικό, Η Σταδιακή και Ατελής Ενσωμάτωση στη Διαδικασία της Ευρωπαϊκής Ολοκλήρωσης, Γενικό Ευρετήριο. | ||
| 700 | 1 |
_aΜήτσος Αχιλλέας _95307 |
|
| 942 | _cBK | ||
| 999 |
_c4318 _d4318 |
||